000 01035nmm a2200301 a 4500
001 ocm0002015930
003 TR-IsHL
005 20201028181232.0
008 181230s2015 tu tur
007 cr cn
020 _a9786053271406
035 _a2015930
_b(N$T)
050 0 4 _aPL248.A344
_bS46 2015
090 0 4 _aPL248.A344
_bS46 2015
100 1 _aŞentürk, Leyla
245 1 0 _aAhmet Mithat Efendi ve eğitim
_h[electronic resource] /
_cLeyla Şentürk
260 _aBursa :
_bEkin Basım Yayın Dağıtım,
_c2015
300 _a230 p.
500 _aKaynakça var
650 4 _aEğitim
650 4 _aEducation
650 0 _aAhmet Mithat 1844-1912
_x Eleştiri ve yorumlama
650 0 _aAhmet Mithat, 1844-1912
_x Criticism and interpretation
650 0 _aEğitim
_x Türkiye
_x 20. yy.
650 0 _aEducation
_x Turkey
_x 20th century.
650 7 _aLITERARY CRITICISM / Middle Eastern
_2bisacsh
856 4 0 _uhttp://search.ebscohost.com/login.aspx?direct=true&scope=site&db=e011xww&AN=2015930
999 _c19507
_d19507